000 00347nam a22001457a 4500
008 221116b ||||| |||| 00| 0 eng d
020 _a9781496338396
041 _aeng
080 _2FIFTEEN EDITION
_a610.73
082 _a610.73CAR
100 _a8
101 _aINF
245 _aHANDBOOK OF NURSING DIAGNOSIS
_cCARPENITO J.L
942 _2udc
_cBK
999 _c58911
_d58911